[Event "ESP-chT CECLUB Honor"]
[Site "Melilla"]
[Date "2024.10.12"]
[Round "1.22"]
[White "Korneev, Oleg"]
[Black "Arizmendi Martinez, Julen Luis"]
[Result "1/2-1/2"]
[WhiteElo "2454"]
[BlackElo "2507"]
[PlyCount "61"]
[EventDate "2024.10.12"]
[EventType "team-tourn"]
[EventRounds "7"]
[EventCountry "ESP"]
[SourceTitle "CB43_2024"]
[Source "Chessbase"]
[SourceDate "2024.10.23"]
[SourceVersion "1"]
[SourceVersionDate "2024.10.23"]
[SourceQuality "1"]
[WhiteTeam "Solvay"]
[BlackTeam "Andreu Paterna"]
[WhiteTeamCountry "ESP"]
[BlackTeamCountry "ESP"]

1. e4 e5 2. Nf3 Nc6 3. Bb5 a6 4. Ba4 Nf6 5. 0-0 Be7 6. Re1 b5 7. Bb3 d6 8. c3 0-0 9. h3 h6 10. d4 Bd7 11. Nbd2 Re8 12. Nf1 a5 13. d5 Na7 14. a4 c6 15. dxc6 Bxc6 16. Ng3 Qb8 17. Nh2 bxa4 18. Bxa4 Bxa4 19. Rxa4 Nc8 20. Ng4 Nb6 21. Nf5 Nbd7 22. Qf3 h5 23. Ngh6+ Kf8 24. Qg3 g6 25. Nh4 Kg7 26. Nxf7 Kxf7 27. Qxg6+ Ke6 28. Qf5+ Kf7 29. Qg6+ Ke6 30. Qf5+ Kf7 31. Qg6+ 1/2-1/2

[Event "Darlington Northumbria op"]
[Site "Darlington"]
[Date "2024.08.24"]
[Round "6"]
[White "Cansdale, Zach"]
[Black "Korneev, Oleg"]
[Result "0-1"]
[WhiteElo "1956"]
[BlackElo "2469"]
[PlyCount "130"]
[EventDate "2024.08.22"]
[EventType "swiss"]
[EventRounds "9"]
[EventCountry "ENG"]
[SourceTitle "CBM 221 Extra"]
[Source "ChessBase"]
[SourceDate "2024.09.30"]
[SourceVersion "1"]
[SourceVersionDate "2024.09.30"]
[SourceQuality "1"]

1. e4 c5 2. Nc3 e6 3. Nf3 a6 4. d4 cxd4 5. Nxd4 Qc7 6. Bd3 Nc6 7. Nxc6 dxc6 8. 0-0 e5 9. f4 Nf6 10. Kh1 Bd6 11. Qf3 exf4 12. Bxf4 Bxf4 13. Qxf4 Qxf4 14. Rxf4 Ng4 15. Na4 Ne5 16. Nb6 Rb8 17. Nc4 Ng6 18. Rf2 Be6 19. Nd6+ Ke7 20. Nf5+ Kf8 21. Nd4 Re8 22. Nxe6+ Rxe6 23. Bc4 Re7 24. Rd1 Ne5 25. Bb3 g6 26. Rd8+ Kg7 27. Rxh8 Kxh8 28. Rd2 Kg7 29. Kg1 Ng4 30. Re2 f5 31. h3 Nf6 32. e5 Nd7 33. e6 Nc5 34. Bc4 Kf6 35. b4 Nxe6 36. a4 b5 37. axb5 axb5 38. Ba2 Nd4 39. Rd2 Ne2+ 40. Kh2 Nc3 41. Bb3 Nd5 42. Bxd5 Rd7 43. Rd3 Rxd5 44. Rc3 Rd6 45. Rc5 Ke6 46. c4 bxc4 47. Rxc4 Kd7 48. g4 fxg4 49. hxg4 Rd5 50. Kg3 Kc7 51. Kf4 Kb6 52. g5 Kb5 53. Re4 Rf5+ 54. Kg4 Rf7 55. Rd4 Ra7 56. Kf4 Ra4 57. Ke5 Rxb4 58. Rd7 Rg4 59. Kf6 Rh4 60. Rb7+ Kc4 61. Ra7 Rh5 62. Ra4+ Kd5 63. Ra1 c5 64. Rd1+ Kc6 65. Rb1 c4 0-1

[Event "Darlington Northumbria op"]
[Site "Darlington"]
[Date "2024.08.24"]
[Round "5"]
[White "Korneev, Oleg"]
[Black "Yoon, Jacob D"]
[Result "1/2-1/2"]
[WhiteElo "2469"]
[BlackElo "2118"]
[PlyCount "39"]
[EventDate "2024.08.22"]
[EventType "swiss"]
[EventRounds "9"]
[EventCountry "ENG"]
[SourceTitle "CBM 221 Extra"]
[Source "ChessBase"]
[SourceDate "2024.09.30"]
[SourceVersion "1"]
[SourceVersionDate "2024.09.30"]
[SourceQuality "1"]

1. e4 c6 2. c4 d5 3. exd5 cxd5 4. cxd5 Nf6 5. Nc3 Nxd5 6. Nf3 Nc6 7. d4 e6 8. Bc4 Bb4 9. Qd3 0-0 10. 0-0 a6 11. Bb3 Be7 12. Re1 g6 13. Bh6 Re8 14. Rad1 Na5 15. Bxd5 exd5 16. Ne5 Be6 17. Re2 Nc6 18. Nxc6 bxc6 19. Na4 Bd6 20. Bd2 1/2-1/2

[Event "Heilbronn WEM"]
[Site "Heilbronn"]
[Date "2024.08.02"]
[Round "7"]
[White "Braun, Georg"]
[Black "Korneev, Oleg"]
[Result "1/2-1/2"]
[WhiteElo "2381"]
[BlackElo "2469"]
[PlyCount "81"]
[EventDate "2024.08.01"]
[EventType "tourn"]
[EventRounds "9"]
[EventCountry "GER"]
[EventCategory "2"]
[SourceTitle "CBM 221 Extra"]
[Source "ChessBase"]
[SourceDate "2024.09.30"]
[SourceVersion "1"]
[SourceVersionDate "2024.09.30"]
[SourceQuality "1"]

1. e4 e5 2. Nf3 Nc6 3. Bb5 Nf6 4. d3 Bc5 5. Bxc6 dxc6 6. h3 Bd6 7. Be3 0-0 8. Nbd2 Nd7 9. Qe2 c5 10. h4 Nb8 11. h5 Nc6 12. Nh4 Nd4 13. Qd1 Be7 14. g3 Bxh4 15. Rxh4 f5 16. Bxd4 cxd4 17. exf5 Bxf5 18. Qe2 Qd5 19. Kf1 Rae8 20. Kg1 h6 21. a4 b6 22. b3 a6 23. Re1 b5 24. axb5 axb5 25. Ne4 c5 26. f3 Rc8 27. Nd2 Rce8 28. Rh2 Bh7 29. Rf2 Qf7 30. Ne4 Bxe4 31. fxe4 Qxf2+ 32. Qxf2 Rxf2 33. Kxf2 c4 34. Ra1 cxb3 35. cxb3 Rc8 36. Ra5 Rc3 37. Rxb5 Rxd3 38. Rxe5 Rxb3 39. Rd5 Rd3 40. Rd7 Kf8 41. e5 1/2-1/2

[Event "Heilbronn WEM"]
[Site "Heilbronn"]
[Date "2024.08.02"]
[Round "6"]
[White "Korneev, Oleg"]
[Black "Soham, Das1"]
[Result "1-0"]
[WhiteElo "2469"]
[BlackElo "2334"]
[PlyCount "31"]
[EventDate "2024.08.01"]
[EventType "tourn"]
[EventRounds "9"]
[EventCountry "GER"]
[EventCategory "2"]
[SourceTitle "CBM 221 Extra"]
[Source "ChessBase"]
[SourceDate "2024.09.30"]
[SourceVersion "1"]
[SourceVersionDate "2024.09.30"]
[SourceQuality "1"]

1. e4 e6 2. d4 d5 3. Nc3 dxe4 4. Nxe4 Nd7 5. Nf3 Ngf6 6. Nxf6+ Nxf6 7. c3 c5 8. Ne5 a6 9. Be3 Qc7 10. Qa4+ Nd7 11. Bb5 cxd4 12. Bxd7+ Bxd7 13. Qxd4 Bb5 14. a4 Rd8 15. Qf4 Bc6 16. Bb6 1-0